|
|
|
|
| LEADER |
00000nab a2200000 a 4500 |
| 001 |
vtls000382336 |
| 003 |
SK-MaSNL |
| 005 |
20260302232433.0 |
| 008 |
111202c1990 xo 0 slo |
| 015 |
|
|
|a SNBRB19rr/mm-uuuuu
|
| 035 |
|
|
|a CL0382458
|
| 040 |
|
|
|a SNKBUCL
|b slo
|c SNKBUCL
|e AACR2
|
| 041 |
0 |
|
|a slo
|
| 044 |
|
|
|a xo
|c SK
|
| 080 |
|
|
|a 82:061.7:06.063:885.4(087.5)
|2 1981
|
| 080 |
|
|
|a 061.7
|2 1981
|
| 080 |
|
|
|a 06.063
|2 1981
|
| 080 |
|
|
|a 885.4(087.5)
|2 1981
|
| 080 |
|
|
|a 7.096
|2 1981
|
| 100 |
1 |
|
|a -po-
|4 aut
|9 923700
|
| 245 |
1 |
0 |
|a Vyhodnotenie súťaže na pôvodnú rozhlasovú hru pre deti a mládež
|c -po-
|
| 300 |
|
|
|b Fot. 1.
|
| 650 |
0 |
7 |
|a hry rozhlasové pôvodné
|2 snkbucl
|9 964601
|
| 650 |
0 |
7 |
|a literárne súťaže
|2 snkbucl
|9 4275
|
| 655 |
|
7 |
|a články z novín a časopisov
|2 snkbucl
|9 267496
|
| 655 |
|
7 |
|a články z odboru literárna veda a krásna literatúra
|2 snkbucl
|9 770045
|
| 773 |
0 |
|
|t Rozhlas
|g Č. 17 (1990), s. 3
|
| 850 |
|
|
|a Slovenská národná knižnica v Martine
|a MTA001
|
| 852 |
|
|
|a SNK
|b KIS3GCP
|
| 958 |
|
|
|a RK
|
| 958 |
|
|
|a LX
|
| 992 |
|
|
|a RBX
|
| 999 |
|
|
|c 1542921
|d 1544851
|